Miniaturizovaný elektrochemický senzor na stanovenie teobromínu v čokoládových výrobkoch diplomová práca

Na minha lista:
Detalhes bibliográficos
Autor principal: Haššo, Marek
Formato: Livro
Idioma:inglês
Publicado em: Bratislava STU FCHPT 2018
Acesso em linha:View in OPAC
Tags: Adicionar Tag
Sem tags, seja o primeiro a adicionar uma tag!

MARC

LEADER 00000nam a2200000 a 4500
005 20260127133940.0
008 180828 000 0 eng d
035 |a vtls011774892 
039 9 |y 201808280843  |z mschk03 
040 |a STUSCHK1  |b slo  |c STUSCHK1  |e AACR2 
100 1 |a Haššo, Marek 
245 1 |a Miniaturizovaný elektrochemický senzor na stanovenie teobromínu v čokoládových výrobkoch  |b diplomová práca  |c Marek Haššo 
260 |a Bratislava  |b STU FCHPT  |c 2018 
300 |a 56 s.  |b il.  |c 25 cm 
500 |a Študijný program: chémia, medicínska chémia a chemické materiály 
500 |a Študijný odbor: chémia, chemické technológie 
500 |a Školiace pracovisko: Ústav analytickej chémie 
500 |a Evid. číslo: FCHPT-13569-65041 
910 |a SCHK95 
999 |c 699  |d 699